Top 20 NFL Players Pass Completion Percentages Players Quiz - Statistics

General Stats
  • This quiz has been taken 23 times
  • The average score is 3 of 20
Answer Stats
Cmp% Player Pos # Att Rating % Correct
11 67.63 Drew Brees QB 10290 98.5
65%
7 87.50 Mohamed Sanu WR 8 158.3
30%
1 100.00 Sam Koch P 7 115.5
30%
8 81.48 Antwaan Randle El WR 27 156.1
25%
2 100.00 Julian Edelman WR 4 158.3
25%
13 66.67 LaDanian Tomlinson RB 12 146.9
25%
10 75.00 Jon Ryan P 4 116.7
20%
20 65.41 Matt Ryan QB 6984 94.6
20%
14 66.67 Albert Wilson WR 3 149.3
15%
3 100.00 Danny Amendola WR 3 158.3
10%
3 100.00 Emmanuel Sanders WR 3 158.3
10%
18 66.05 Chad Pennington QB 2471 90.1
5%
19 66.02 Dak Prescott QB 2272 97.5
5%
14 66.67 Derrick Henry RB 3 77.1
5%
14 66.67 Tarik Cohen RB 3 127.8
5%
14 66.67 Arnaz Battle WR 3 95.1
0%
3 100.00 Cecil Shorts WR 3 158.3
0%
9 80.00 Jaylen Samuels RB 5 56.2
0%
12 66.72 Kirk Cousins QB 3246 96.4
0%
3 100.00 Logan Cooke P 3 94.4
0%
No matching quizzes found
Score Distribution
Percent of People with Each Score
Percentile by Number Answered
Your Score History
You have not taken this quiz